Contemporary Issues in Indian Society/ (Record no. 210920)

MARC details
000 -LEADER
fixed length control field 00581nam a2200193 4500
005 - DATE AND TIME OF LATEST TRANSACTION
control field 20250502105228.0
010 ## - LCCN (DPL NO)
LC control number ENG-144559
020 ## - INTERNATIONAL STANDARD BOOK NUMBER
International Standard Book Number 9789387202061
Terms of availability 650.00
035 ## - SYSTEM CONTROL NUMBER
System control number EN-128091
037 ## - SOURCE OF ACQUISITION
Source of stock number/acquisition DBAD
082 ## - DEWEY DECIMAL CLASSIFICATION NUMBER
Classification number 954.25
100 ## - MAIN ENTRY--PERSONAL NAME
Personal name Trivedi,Sumit
245 ## - TITLE STATEMENT
Title Contemporary Issues in Indian Society/
Statement of responsibility, etc Sumit Trivedi
250 ## - EDITION STATEMENT
Edition statement 1st
260 ## - PUBLICATION, DISTRIBUTION, ETC. (IMPRINT)
Place of publication, distribution, etc Delhi
Name of publisher, distributor, etc Pranjal Book Services
Date of publication, distribution, etc 2018
270 ## - ADDRESS
Address 1/11126,1st Floor Street No-10 Subhash Park ,Shahdara
City Delhi
Postal code 110032
300 ## - PHYSICAL DESCRIPTION
Extent 168p.
Dimensions 22cm(hbk)
942 ## - ADDED ENTRY ELEMENTS (KOHA)
Source of classification or shelving scheme Dewey Decimal Classification
Item type English Books
Call number suffix Tri
Classification part 954.25
Edition 1st
Holdings
Withdrawn status Lost status Not for loan Collection code Home library Current library Date acquired Source of acquisition Cost, normal purchase price Full call number Barcode Copy number Cost, replacement price Koha item type
      Non-fiction Patel Nagar Patel Nagar 09/04/2025 DBAD 650.00 954.25 TRI EN-128091 1 650.00 English Books

© Delhi Public Library
Hit Counter
free hit counter